000 00821cam a22002653a 4500
001 523
003 PGUSA
005 20140828082949.0
008 960501s1996||||xxu|||||s|||||000 | eng d
040 _aPGUSA
_beng
042 _adc
050 4 _aDS
100 1 _aHeadland, Isaac Taylor,
_d1859-1942
245 1 0 _aCourt Life in China :
_bThe Capital, Its Officials and People
_h[electronic resource] /
_cIsaac Taylor Headland
260 _bProject Gutenberg,
_c1996
506 _aPublic domain in the USA.
516 _aElectronic text
653 _aChina -- Court and courtiers
653 _aEmpresses -- China -- Biography
653 _aCixi, Empress dowager of China, 1835-1908
653 _aWomen -- China
830 0 _aProject Gutenberg
_v523
856 4 0 _uhttp://www.gutenberg.org/ebooks/523
942 _cEB
999 _c229874
_d229874